01062nam a2200337Ia 450000500170000000800410001702000140005804000560007204100080012810000190013624500540015526000630020930000250027265000430029765000250034065000280036565000240039365000220041765000240043965000270046365000290049065000200051965000200053965000210055965000320058065000240061265000210063665000280065765000170068570000220070220211110120301.0130821s1997 xxu gr eng  a195108132 aCo-BoUCMbspacSandra Palacio (modificó)d[Nuevo]0 aeng1 aZweifel, Peter00aHealth economicscPeter Zweifel, Friedrich Breyer aNueva York (Estados Unidos)bOxford University Pressc1997 axviii, 392 páginas07aAdministración de servicios de salud07aAnálisis de costos07aAtención hospitalaria07aAtención médica07aCuidados en salud07aEconomía médica07aEstadística médica07aIndustria farmacéutica07aMacroeconomía07aMicroeconomía07aOferta y demanda07aPlanificación de la salud07aPolítica médica07aSeguros de salud07aServicios hospitalarios07aTecnología1 aBreyer, Friedrich